THE JOURNAL OF PUBLIC HEALTH (Record no. 18910)

MARC details
000 -LEADER
fixed length control field 00189nam a22000977a 4500
003 - CONTROL NUMBER IDENTIFIER
control field SGT
245 ## - TITLE STATEMENT
Title THE JOURNAL OF PUBLIC HEALTH
260 ## - PUBLICATION, DISTRIBUTION, ETC. (IMPRINT)
Name of publisher, distributor, etc APHA AMERICA
300 ## - PAGE DESCRIPTION
No. of Pages 636
942 ## - ADDED ENTRY ELEMENTS (KOHA)
Source of classification or shelving scheme Dewey Decimal Classification
Koha item type Back Volumes

No items available.